Assistive technologies: principles and practices.(4th ed.) (Record no. 30784)

MARC details
000 -LEADER
fixed length control field 00787nam a2200193 a 4500
008 - FIXED-LENGTH DATA ELEMENTS--GENERAL INFORMATION
fixed length control field 170314s2015 ||||||||||||||||| || u
020 ## - INTERNATIONAL STANDARD BOOK NUMBER
International Standard Book Number 9780323096317
050 ## - LIBRARY OF CONGRESS CALL NUMBER
Classification number RM 950 Coo
100 ## - MAIN ENTRY--PERSONAL NAME
Personal name Cook, Albert M
245 10 - TITLE STATEMENT
Title Assistive technologies: principles and practices.(4th ed.)
Statement of responsibility, etc. By Albert M. Cook and Jan Miller Polgar
250 ## - EDITION STATEMENT
Edition statement 4th ed.
260 ## - PUBLICATION, DISTRIBUTION, ETC.
Place of publication, distribution, etc. St. Louis Missouri:
Name of publisher, distributor, etc. Elsevier/Mosby
Date of publication, distribution, etc. 2015
300 ## - PHYSICAL DESCRIPTION
Extent xi, 480p.: ill.
350 ## -
-- 903666.00
650 ## - SUBJECT ADDED ENTRY--TOPICAL TERM
Topical term or geographic name entry element PEOPLE WITH DISABILITIES--REHABILITATION
650 ## - SUBJECT ADDED ENTRY--TOPICAL TERM
Topical term or geographic name entry element DISABLED PERSONS--REHABILITATION
700 ## - ADDED ENTRY--PERSONAL NAME
Personal name Polgar, Jan Miller
995 ## -
-- MICHAEL CHILUFYA SATA OPEN ACCESS
-- 113.00
-- 903666
-- CBU-SCHOOL OF MEDICINE LIBRARY (Ndola)
-- RM 950 Coo
-- 1
-- AVAILABLE
-- Mar 16, 2017
-- 903666
-- Medical Library Open Access Collection
999 ## -
-- 30784
-- 30784
Holdings
Withdrawn status Lost status Source of classification or shelving scheme Damaged status Not for loan Permanent Location Current Location Shelving location Date acquired Total Checkouts Full call number Barcode Date last seen Price effective from Koha item type
          CBU-SCHOOL OF MEDICINE LIBRARY, NDOLA. CBU-SCHOOL OF MEDICINE LIBRARY, NDOLA.   11/30/2022   RM 950 Coo 903666 11/30/2022 11/30/2022 MONOGRAPH